00819nam a22002175i 450000100060000000300090000600500170001500700030003200800410003504000200007624501290009626000330022530000210025849000340027961000520031370000310036583000420039685200210043899900170045995201250047653520ES-MaACL20230906162800.0t|950929s1853 sp ||||1| spa d aCAM bspa cCAM00aExtrait abrégé des vieux mémoriaux de l'Abbaye de Saint-Aubin-des-Bois en Bretagne / c[préface Francisque -Michel]. aParis : bP. Jannet, c1853. a63 p. ; c17 cm.1 aBibliothèque elzévirienne24aPledeliac, France. Saint Aubin-du-Bois.91540360 aMichel, Francisque.9808920 aBibliothèque elzévirienne9180979 aES-MaACLjG-2371 c53520d53520 001040708LIBXIXaATENEOMbATENEOMcDEPO2d2008-01-17eSCl0oG-2371p1056240r2023-02-23 00:00:00w2023-02-23yMONANT